Vnov' i vnov' vozobnovljajuščajasja drama.
Trh ako forma vyjadrenia demokracie v ekonomike. Ekonomická sloboda a ekonomický človek (homo oeconomicus). Tri aspekty jeho skúmania. Požiadavka na jednoduchosť vlastníckych vzťahov. Typy subjektov vlastníctva: osoba, podnik, štát (oblasť).
Gespeichert in:
| 1. Verfasser: | |
|---|---|
| Format: | Buchkapitel |
| Sprache: | Russisch |
| Schlagworte: | |
| Tags: |
Keine Tags, Fügen Sie das erste Tag hinzu!
|
MARC
| LEADER | 00000naa a2200000 4500 | ||
|---|---|---|---|
| 001 | r001385 | ||
| 005 | 20220909074046.4 | ||
| 041 | 0 | |a rus | |
| 044 | |a [SU] | ||
| 245 | 1 | 0 | |a Vnov' i vnov' vozobnovljajuščajasja drama. |c V. Bondarev |
| 520 | |a Trh ako forma vyjadrenia demokracie v ekonomike. Ekonomická sloboda a ekonomický človek (homo oeconomicus). Tri aspekty jeho skúmania. Požiadavka na jednoduchosť vlastníckych vzťahov. Typy subjektov vlastníctva: osoba, podnik, štát (oblasť). | ||
| 610 | 2 | 0 | |a trh |
| 610 | 2 | 0 | |a podnik |
| 610 | 2 | 0 | |a vlastníctvo štátne |
| 610 | 2 | 0 | |a vlastníctvo súkromné |
| 100 | 1 | |a Bondarev, V. | |